羽田空港に就航している航空会社 - Statistics

General Stats
  • This quiz has been taken 133 times
  • The average score is 25 of 47
Answer Stats
Hint Answer % Correct
日本 全日本空輸
99%
日本 日本航空
99%
韓国 大韓航空
86%
日本 ピーチ・アビエーション
79%
日本 ソラシドエア
79%
日本 スカイマーク
78%
日本 AIRDO
74%
日本 スターフライヤー
73%
韓国 アシアナ航空
70%
北米・太平洋 アメリカン航空
68%
中国・台湾 中国東方航空
67%
東南アジア タイ国際航空
67%
ヨーロッパ エールフランス航空
67%
中東 エミレーツ航空
66%
東南アジア シンガポール航空
65%
ヨーロッパ ルフトハンザドイツ航空
65%
北米・太平洋 ユナイテッド航空
64%
オセアニア カンタス航空
64%
中国・台湾 中国南方航空
63%
北米・太平洋 デルタ航空
61%
東南アジア ベトナム航空
58%
東南アジア マレーシア航空
55%
ヨーロッパ ブリティッシュ・エアウェイズ
54%
中国・台湾 エバー航空
53%
中国・台湾 チャイナエアライン
52%
中国・台湾 キャセイパシフィック航空
52%
北米・太平洋 エア・カナダ
51%
ヨーロッパ フィンエアー
50%
日本 日本トランスオーシャン航空
49%
北米・太平洋 ハワイアン航空
49%
東南アジア フィリピン航空
48%
中国・台湾 中国国際航空
46%
東南アジア ガルーダ・インドネシア航空
42%
中国・台湾 上海航空
38%
中国・台湾 春秋航空
38%
ヨーロッパ ターキッシュ・エアラインズ
34%
ヨーロッパ スカンジナビア航空
33%
中国・台湾 香港エクスプレス
29%
東南アジア エアアジアX
29%
日本 ジェイエア
28%
ヨーロッパ ITAエアウェイズ
28%
東南アジア ベトジェットエア
25%
中国・台湾 吉祥航空
24%
中国・台湾 タイガーエア台湾
24%
中国・台湾 海南航空
21%
中国・台湾 天津航空
21%
日本 ANAウイングス
11%
No matching quizzes found
Score Distribution
Percent of People with Each Score
Percentile by Number Answered
Your Score History
You have not taken this quiz